Mon précieux... - Statistiques

Statistiques générales
  • Ce quiz a été pris 10 fois
  • Le résultat moyen est 5 sur 24
Statistiques - réponses
Hint Réponse % Correct
A : Pierre semi-précieuse, son nom fait référence à la sobriété Améthyste
67%
J : Symbole des dynasties chinoises, elle fut considérée comme pierre sacrée. Jade
67%
T : Pierre découverte en 1967 dans un pays africain dont elle tire son nom. Tanzanite
44%
T : Appelée "pierre d'or" durant l'Antiquité car elle était supposée favoriser la prospection de l'or. Héros de Marcel Pagnol. Topaze
44%
A : Pierre associée à 23 ans de mariage, elle est particulièrement appréciée par les marins. Aigue-marine
33%
O : Variété de calcédoine, elle signifie "ongle" en grec. Onyx
33%
P : Aussi connue sous le nom de "moonstone", ele a été considérée comme la pierre des déesses (en 3 mots) Pierre de lune
33%
T : Pierre appelée ainsi en référence au peuple qui l'a aménée en Europe suite aux Croisades. Turquoise
33%
G : Les Romains l'appelaient escarboucle. Cette pierre sert de surnom au club de fot du FC Metz. Grenat
22%
J : En latin, son nom signifie "pierre mouchetée". Elle peut revêtir toutes les couleurs et être de nombreuses formes. Jaspe
22%
L : Sa poudre a été utilisée pour le plafond de la chapelle Sixtine ou de tableaux comme "La Jeune Fille à la perle" de Rembrandt. (mot composé) Lapis-lazuli
22%
M : On retrouve des gisements de cette pierre un peu partout dans le monde, notamment en France, en Australie et aux États-Unis. Malachite
22%
O : Roche vitreuse d'origine volcanique, découverte par un personnage de la Rome antique. Obsidienne
22%
A : Pierre de la famille des calcédoines, protectrice, découverte par Aristote. Agate
11%
C : Dans la Grèce antique, elle était considérée comme un porte-bonheur. Elle fait partie de la famille des quartz. Citrine
11%
C : Pierre précieuse de la famille des agates, elle est utilisée notamment par les Tibétains et bouddhistes pour ses pouvoirs de guérison. Cornaline
11%
C : Pierre incolore de la famille des quartz, composée de dioxyde de silicium. (en 3 mots) Cristal de roche
11%
P : Sous quel nom est plus connue l'héliolite ? (3 mots) Pierre de soleil
11%
A : Théophraste l'a surnommée "pierre d'Arménie". Elle était employée dans la coloration des manuscrits. Azurite
0%
M : Issue de la famille des béryls, son nom est tiré du nom d'un banquier américain. Morganite
0%
O : Pierre portée par les guerriers et soldats pendant les combats (en 3 mots) oeil-de-tigre
0%
O : Symbole des Aztèques, son nom est associé au plumage du colibri, animal vénéré au Mexique. (en 3 mots) Opale de feu
0%
P : Aussi appelé "olivine", les Égyptiens le surnommait "pierre du Soleil". Péridot
0%
T : Quelle pierre possède des facultés pyroélectriques ? Tourmaline
0%
Aucun quiz correspondant
Distribution des résultats
% des personnes avec chaque résultat
Percentile par nombre de réponses
Votre historique - résultats
Vous n’avez pas pris ce quiz